|
|
|
|
| LEADER |
00000cam a2200000 7i4500 |
| 001 |
0000002588 |
| 005 |
20030823.0 |
| 020 |
0 |
0 |
|a 983625577X
|
| 090 |
0 |
0 |
|a 746.1409595
|b NOR 2002
|
| 100 |
0 |
0 |
|a NORWANI Mohd. Nawawi
|c 1957-
|
| 245 |
1 |
0 |
|a Songket Malaysia
|c Norwani Mohd Nawawi
|
| 260 |
0 |
0 |
|a Kuala Lumpur :
|b Dewan Bahasa dan Pustaka ,
|c 2002
|
| 300 |
|
|
|a xiii, 152 p. :
|b col. ill. ;
|c 30 cm.
|
| 500 |
0 |
0 |
|a Bibliography : p. 143-144
|
| 650 |
0 |
0 |
|a Songket
|
| 650 |
0 |
0 |
|a Weaving
|x Patterns
|
| 650 |
0 |
0 |
|a Weaving
|z Malaysia
|
| 998 |
|
|
|a JPSM
|
| 999 |
|
|
|a 0000005017
|b Monograph
|c Open Shelf
|e Default branch
|